| 000 | 01022nam a2200289 i 4500 | ||
|---|---|---|---|
| 001 | 192175 | ||
| 003 | ES-MaACL | ||
| 005 | 20240226212330.0 | ||
| 007 | ta | ||
| 008 | 221107s2021 sp a e 001p0 spa d | ||
| 017 | _aB 16048-2021 | ||
| 020 | _a9788408247029 | ||
| 040 | _cES-MaACL | ||
| 080 | _a329.18(430)(038) | ||
| 080 | _a94(430)"1933/45"(038) | ||
| 100 | 1 |
_aEslava Galán, Juan, _d1948- _eaut _947732 |
|
| 245 | 1 | 0 |
_aEnciclopedia nazi : _bcontada para escépticos / _cJuan Eslava Galán. |
| 260 |
_aBarcelona : _bPlaneta, _c2021. |
||
| 300 |
_a900 páginas : _bilustraciones (blanco y negro y color) ; _c24 cm. |
||
| 504 | _aBibliografía: páginas 886-900 | ||
| 650 | 4 |
_aNacionalsocialismo- _915471 _vDiccionarios |
|
| 651 |
_aAlemania- _xHistoria- _y1933-1945- _9234913 _vDiccionarios |
||
| 852 | 4 |
_aES-MaACL _jN-8045 _9199457 _bR. 153180 _cDEPOJ _hDonación: Editorial _xEncuadernación: cartoné |
|
| 942 |
_cMONOGRAFIA _n0 |
||
| 999 |
_c192175 _d192175 |
||